Verím v múdrosť občana Hosť 9. strany: Pavel Rychetský, podpredseda vlády ČSFR

Bibliographic Details
Main Authors: Rychetský, Pavel, 1943- (Author), Olach, Bohumil (Author)
Other Authors: Greš, Ján (gup)
Format: Article
Language:Slovak
PhysicalDescription:Fot. 2.
Subjects:

MARC

LEADER 00000nab a2200000 a 4500
001 vtls000429147
003 SK-MaSNL
005 20260311224919.0
008 160202c1991 xo 0 slo
015 |a SNBRB19rr/mm-uuuuu 
035 |a CL0429275 
040 |a SNKBUCL  |b slo  |c SNKBUCL  |e AACR2 
041 0 |a slo 
044 |a xo  |c SK 
080 |a 323(437)  |2 1981 
100 1 |a Rychetský, Pavel,  |d 1943-  |4 aut 
245 1 0 |a Verím v múdrosť občana  |b Hosť 9. strany: Pavel Rychetský, podpredseda vlády ČSFR  |c Pavel Rychetský, Bohumil Olach ; Ján Greš 
300 |b Fot. 2. 
650 0 7 |a vnútorná politika  |2 snkbucl  |9 970 
650 0 7 |a vzťahy česko-slovenské  |2 snkbucl  |9 884461 
651 7 |a Československo  |2 snkbucl  |9 21376 
655 7 |a články z novín a časopisov  |2 snkbucl  |9 267496 
700 1 |a Olach, Bohumil  |4 aut  |9 838588 
700 1 |a Greš, Ján  |4 gup  |9 269198 
773 0 |t Národná obroda  |g Roč. 2, č. 227 (27. 9. 1991), s. 9 
850 |a Slovenská národná knižnica v Martine  |a MTA001 
852 |a SNK  |b KIS3GCP 
958 |a RK 
958 |a CZ 
992 |a RBX 
999 |c 3263216  |d 3265146